Catalog

Record Details

Catalog Search



Available copies

  • 1 of 1 copy available at LARL/NWRL Consortium.
  • 1 of 1 copy available at Northwest Regional Library. (Show preferred library)

Current holds

0 current holds with 1 total copy.

Show Only Available Copies
Location Call Number / Copy Notes Barcode Shelving Location Status Due Date
Thief River Falls Public Library WOO (Text) 35500004523583 Main Available -

Record details

  • ISBN: 9780446581691
  • Physical Description: viii, 257 p. ; 24 cm.
  • Edition: 1st ed.
  • Publisher: New York : Grand Central Pub., 2009.
Subject: African Americans > Fiction.
Robbery > Fiction.
Drug dealers > Fiction.
Philadelphia (Pa.) > Fiction.
LDR 00827cam a22002658a 4500
001107087
003LARL_NWRL_CONSORTIUM
00520081107104417.0
008081105s2009 nyu 000 1 eng
010 . ‡a2008048145
020 . ‡a9780446581691
040 . ‡aDLC ‡cDLC
043 . ‡an-us-pa
08200. ‡a813/.54 ‡222
1001 . ‡aWoods, Teri. ‡0(LARL_NWRL_CONSORTIUM)207062
24510. ‡aAlibi / ‡cTeri Woods.
250 . ‡a1st ed.
260 . ‡aNew York : ‡bGrand Central Pub., ‡c2009.
300 . ‡aviii, 257 p. ; ‡c24 cm.
650 0. ‡aAfrican Americans ‡vFiction. ‡0(LARL_NWRL_CONSORTIUM)163084
650 0. ‡aRobbery ‡vFiction. ‡0(LARL_NWRL_CONSORTIUM)174703
650 0. ‡aDrug dealers ‡vFiction. ‡0(LARL_NWRL_CONSORTIUM)164683
651 0. ‡aPhiladelphia (Pa.) ‡vFiction. ‡0(LARL_NWRL_CONSORTIUM)166612
901 . ‡a107087 ‡bISxN ‡c107087 ‡tbiblio

Additional Resources